00374nam a2200121 a 4500008004100000050001800041100001900059245004500078246005400123260004400177300002200221350000900243120416s1977 ||||||||||||||||| || u aPR 9189.6 Can aHamilton, K. A10aCanada writerscedited by K. A. Hamilton athe members' book of the Writers' Union of Canada aTorontobWriters' Union of Canadac1977 axiv, 399p. : ill. a0.00